Datum a čas kvízu
32
Celkem bodů
Celkový počet nahraných bodů na tomto kvízu bez doplňovacích otázek.
2.
Pořadí na kvízu
Konečné umístění týmu na tomto kvízu.
Zaznamenané odpovědi
| # | Otázka | Odpověď | Body | Výsledky |
|---|---|---|---|---|
| 1. | Bývalý europoslanec a zakladat... | 1 | ||
| 2. | V centru Paříže se v sobotu se... | 1 | ||
| 3. | Největší úspěch na předávání E... | 1 | ||
| 4. | Evropské nezávislé konsorcium,... | 1 | ||
| 5. | Šesté utkání pod vedením novéh... | 1 | ||
| 6. | Z filmu S tebou mě baví svět:... | 0 | ||
| 7. | "Soudruhu doktore, já jsem red... | 0 | ||
| 8. | Jak se jmenují pletichářští rá... | 0 | ||
| 9. | Který český král se dle septim... | 0 | ||
| 10. | „Hele, Hanko, já ti musim něco... | 0 |